| 000 | 00715nam a2200229Ia 4500 | ||
|---|---|---|---|
| 005 | 20250508164539.0 | ||
| 008 | 008 250505s9999 xx 000 0 eng d | ||
| 037 | _aTextual | ||
| 040 |
_aFEDL _beng _cFEDL |
||
| 041 |
_aeng _2eng |
||
| 084 |
_a370.154, CAN _qFEDL |
||
| 100 |
_aCanfield Jack _9479301 |
||
| 245 | 0 | _a100 ways to enhance self-concept in the classroom : A handbook for teachers, counselors, and group leaders | |
| 250 | _a2 | ||
| 260 |
_aBoston, USA _bAllyn and Bacon _c1994 |
||
| 300 | _axiii,290p. | ||
| 546 | _aMACESE | ||
| 650 |
_aEducatioon - Motivation _9778407 |
||
| 700 |
_a Wells Harold Clive _9778408 |
||
| 942 |
_cTEXL _h370.154, CAN |
||
| 999 |
_c1389720 _d1389720 |
||